000 01032cam a2200301 i 4500
001 15681
003 DO-SdUEMH
005 20260123140825.0
007 ta
008 211105s2008 dr |||gr|||| 00| 0 spa|d
020 _a9789993448259
040 _aDO-SdUEMH
_bspa
_erda
041 _aspa
082 1 4 _mRD
_aRD 325.17293007294 L925P
_bL925p
084 _b09-00304
100 _aLozano, Wilfredo
_eaut
245 3 0 _aLa paradoja de las migraciones: el estado dominicano frente a la inmigración haitiana /
_cWilfredo Lozano
264 0 1 _aSanto Domingo :
_bUNIBE, FLACSO, SJRM,
_c2008
264 4 _c©2008
300 _a282 páginas ;
_c23 cm.
336 _2rdacontent
_atexto
_btxt
337 _2rdamedia
_asin mediación
_bn
338 _2rdacarrier
_avolumen
_bnc
504 _aBibliografía en pagina 189
505 2 _aEl debate de los noventa -- La nueva ley de migración y sus problemas -- Deportaciones y nuevo orden internacional -- la paradoja de las migraciones -- Bibliografía
942 _2ddc
_cBK
_n0
999 _c15681
_d15681